Giáo trình vật liệu bán dẫn

Nội dung tài liệu trình bày tổng quan về khái niệm, tính chất đặc trưng, phân loại vật liệu bán dẫn. Công nghệ nuôi đơn tinh thể, các phương pháp xác định thông số của chất bán dẫn, các bán dẫn nguyên tố, bán dẫn hợp chất......

全面介绍

Đã lưu trong:
书目详细资料
主要作者: Phùng Hồ
其他作者: Phan Quốc Phô
格式: 图书
语言:Vietnamese
出版: H. Khoa học và Kỹ thuật 2013
主题:
标签: 添加标签
没有标签, 成为第一个标记此记录!
Thư viện lưu trữ: Thư viện Trường Đại học Nam Cần Thơ
LEADER 01404aam a22002298a 4500
001 NCT_5347
008 130417s2013 ||||||viesd
999 |c 271  |d 271 
020 |c 180000 
082 0 4 |2 23rd ed.  |a 621.3815028  |b H450 
100 1 |a Phùng Hồ 
245 1 0 |a Giáo trình vật liệu bán dẫn  |c Phùng Hồ, Phan Quốc Phô 
260 |a H.  |b Khoa học và Kỹ thuật  |c 2013 
300 |a 391tr.  |b minh hoạ  |c 24cm 
520 3 |a Nội dung tài liệu trình bày tổng quan về khái niệm, tính chất đặc trưng, phân loại vật liệu bán dẫn. Công nghệ nuôi đơn tinh thể, các phương pháp xác định thông số của chất bán dẫn, các bán dẫn nguyên tố, bán dẫn hợp chất... 
655 7 |a Giáo trình 
700 1 |a Phan Quốc Phô 
942 |2 ddc  |c BK 
952 |0 0  |1 0  |2 ddc  |4 0  |6 621_381502800000000_H450  |7 0  |9 1616  |a 000001  |b 000001  |d 2017-10-18  |o 621.3815028 H450  |p MD.01795  |r 2017-10-18  |w 2017-10-18  |y BK 
952 |0 0  |1 0  |2 ddc  |4 0  |6 621_381502800000000_H450  |7 0  |9 1617  |a 000001  |b 000001  |d 2017-10-18  |o 621.3815028 H450  |p MD.01796  |r 2017-10-18  |w 2017-10-18  |y BK 
952 |0 0  |1 0  |2 ddc  |4 0  |6 621_381502800000000_H450  |7 0  |9 1618  |a 000001  |b 000001  |d 2017-10-18  |o 621.3815028 H450  |p MD.01797  |r 2017-10-18  |w 2017-10-18  |y BK 
980 |a Thư viện Trường Đại học Nam Cần Thơ